00317 a2200145 450000100060000002000150000604000220002110000160004324000290005924500240008830000080011236200090012044000110012965000310014060530 a8501156035 cAnchieta - Pituba aPuzo, Mario10aO poderoso chefãolpor10aO poderoso chefão a4380 a1969 1aRecord 4aFicção norte-americana